[Event "DVM U20 2023"]
[Site "Magdeburg GER"]
[Date "2023.12.30"]
[Round "7"]
[White "Dietz, Maximilian"]
[Black "Hanmuradov, Ülwi"]
[Result "0-1"]
[Termination "normal"]
[Board "7.5"]
[WhiteElo "1463"]
[BlackElo "1867"]
[WhiteClock "00:36:01"]
[BlackClock "00:26:11"]
[WhiteTeam "USC Magdeburg"]
[BlackTeam "ESV Gera"]
[PlyCount "106"]
[WhiteFideId "16298489"]
[BlackFideId "34658840"]
[EventCountry "GER"]
[EventRounds "7"]
[EventType "team-swiss"]
[EventDate "2023.12.26"]

1. e4 {[%clk 01:30:59]} {[%emt 00:50:43]} c5 {[%clk 01:30:54]} {[%emt
00:00:06]} 2. Nc3 {[%clk 01:31:20]} {[%emt 00:00:10]} Nc6 {[%clk 01:31:19]}
{[%emt 00:00:05]} 3. Bb5 {[%clk 01:31:13]} {[%emt 00:00:37]} Nd4 {[%clk
01:31:19]} {[%emt 00:00:31]} 4. Bc4 {[%clk 01:31:04]} {[%emt 00:00:38]} g6
{[%clk 01:30:22]} {[%emt 00:01:29]} 5. f4 {[%clk 01:29:04]} {[%emt 00:02:29]}
e6 {[%clk 01:27:59]} {[%emt 00:02:52]} 6. a3 {[%clk 01:23:19]} {[%emt
00:06:16]} Bg7 {[%clk 01:21:03]} {[%emt 00:07:25]} 7. Nf3 {[%clk 01:19:48]}
{[%emt 00:04:01]} Ne7 {[%clk 01:19:31]} {[%emt 00:02:02]} 8. d3 {[%clk
01:18:16]} {[%emt 00:02:03]} O-O {[%clk 01:17:36]} {[%emt 00:02:24]} 9. O-O
{[%clk 01:15:06]} {[%emt 00:03:40]} d5 {[%clk 01:13:52]} {[%emt 00:04:15]} 10.
Ba2 {[%clk 01:13:24]} {[%emt 00:02:11]} Rb8 {[%clk 01:05:42]} {[%emt 00:08:40]}
11. e5 {[%clk 01:01:11]} {[%emt 00:12:43]} Nec6 {[%clk 01:02:31]} {[%emt
00:03:40]} 12. Nxd4 {[%clk 00:56:10]} {[%emt 00:05:32]} Nxd4 {[%clk 01:01:20]}
{[%emt 00:01:41]} 13. Be3 {[%clk 00:55:11]} {[%emt 00:01:30]} Nxc2 {[%clk
00:53:33]} {[%emt 00:08:16]} 14. Qxc2 {[%clk 00:49:57]} {[%emt 00:05:43]} d4
{[%clk 00:53:48]} {[%emt 00:00:17]} 15. Bxd4 {[%clk 00:50:15]} {[%emt
00:00:11]} Qxd4+ {[%clk 00:53:36]} {[%emt 00:00:41]} 16. Kh1 {[%clk 00:50:26]}
{[%emt 00:00:20]} b6 {[%clk 00:44:41]} {[%emt 00:09:25]} 17. Nb5 {[%clk
00:48:12]} {[%emt 00:02:44]} Qd7 {[%clk 00:44:38]} {[%emt 00:00:32]} 18. Nd6
{[%clk 00:48:31]} {[%emt 00:00:12]} Ba6 {[%clk 00:40:49]} {[%emt 00:04:19]} 19.
Rad1 {[%clk 00:44:41]} {[%emt 00:04:20]} Rfd8 {[%clk 00:39:26]} {[%emt
00:01:53]} 20. Rf3 {[%clk 00:42:12]} {[%emt 00:02:59]} Bb7 {[%clk 00:34:20]}
{[%emt 00:05:36]} 21. Rf2 {[%clk 00:36:53]} {[%emt 00:05:48]} Bd5 {[%clk
00:24:51]} {[%emt 00:10:00]} 22. Bxd5 {[%clk 00:34:57]} {[%emt 00:02:27]} exd5
{[%clk 00:25:09]} {[%emt 00:00:11]} 23. d4 {[%clk 00:35:21]} {[%emt 00:00:06]}
c4 {[%clk 00:16:12]} {[%emt 00:09:27]} 24. f5 {[%clk 00:32:42]} {[%emt
00:03:09]} gxf5 {[%clk 00:14:09]} {[%emt 00:02:33]} 25. Rxf5 {[%clk 00:31:25]}
{[%emt 00:01:47]} Rf8 {[%clk 00:12:18]} {[%emt 00:02:22]} 26. Rdf1 {[%clk
00:31:21]} {[%emt 00:00:34]} f6 {[%clk 00:11:24]} {[%emt 00:01:23]} 27. Qf2
{[%clk 00:28:41]} {[%emt 00:03:10]} fxe5 {[%clk 00:09:56]} {[%emt 00:01:58]}
28. dxe5 {[%clk 00:27:04]} {[%emt 00:02:07]} Qe6 {[%clk 00:08:23]} {[%emt
00:03:21]} 29. Qg3 {[%clk 00:24:01]} {[%emt 00:03:15]} Rbd8 {[%clk 00:04:27]}
{[%emt 00:04:27]} 30. Rxf8+ {[%clk 00:14:45]} {[%emt 00:09:45]} Rxf8 {[%clk
00:04:35]} {[%emt 00:00:23]} 31. Rxf8+ {[%clk 00:14:49]} {[%emt 00:00:25]} Kxf8
{[%clk 00:04:49]} {[%emt 00:00:16]} 32. Qf4+ {[%clk 00:13:10]} {[%emt
00:02:09]} Kg8 {[%clk 00:04:24]} {[%emt 00:00:55]} 33. h3 {[%clk 00:10:44]}
{[%emt 00:02:56]} Qxe5 {[%clk 00:01:06]} {[%emt 00:03:48]} 34. Qf7+ {[%clk
00:10:16]} {[%emt 00:00:58]} Kh8 {[%clk 00:01:27]} {[%emt 00:00:09]} 35. Nf5
{[%clk 00:09:45]} {[%emt 00:01:01]} Qe1+ {[%clk 00:00:53]} {[%emt 00:01:03]}
36. Kh2 {[%clk 00:09:50]} {[%emt 00:00:25]} Qe5+ {[%clk 00:01:14]} {[%emt
00:00:10]} 37. Kh1 {[%clk 00:08:39]} {[%emt 00:01:41]} Qe1+ {[%clk 00:01:16]}
{[%emt 00:00:28]} 38. Kh2 {[%clk 00:09:04]} {[%emt 00:00:05]} Qe5+ {[%clk
00:00:43]} {[%emt 00:01:03]} 39. Kh1 {[%clk 00:08:47]} {[%emt 00:00:46]} Qf6
{[%clk 00:00:33]} {[%emt 00:00:41]} 40. Qxg7+ {[%clk 00:06:29]} {[%emt
00:02:48]} Qxg7 {[%clk 00:00:47]} {[%emt 00:00:16]} 41. Nxg7 {[%clk 00:06:54]}
{[%emt 00:00:03]} Kxg7 {[%clk 00:01:09]} {[%emt 00:00:09]} 42. Kg1 {[%clk
00:06:26]} {[%emt 00:00:59]} Kf6 {[%clk 00:29:58]} {[%emt 00:01:39]} 43. Kf2
{[%clk 00:36:18]} {[%emt 00:00:39]} Ke5 {[%clk 00:29:46]} {[%emt 00:00:42]} 44.
Ke3 {[%clk 00:36:37]} {[%emt 00:00:11]} d4+ {[%clk 00:29:29]} {[%emt 00:00:47]}
45. Kf3 {[%clk 00:36:11]} {[%emt 00:00:56]} h5 {[%clk 00:27:44]} {[%emt
00:02:14]} 46. g4 {[%clk 00:35:59]} {[%emt 00:00:43]} hxg4+ {[%clk 00:27:54]}
{[%emt 00:00:20]} 47. hxg4 {[%clk 00:36:23]} {[%emt 00:00:04]} b5 {[%clk
00:27:02]} {[%emt 00:01:23]} 48. g5 {[%clk 00:36:22]} {[%emt 00:00:31]} Kf5
{[%clk 00:26:29]} {[%emt 00:01:01]} 49. g6 {[%clk 00:36:20]} {[%emt 00:00:34]}
Kxg6 {[%clk 00:26:54]} {[%emt 00:00:06]} 50. Ke4 {[%clk 00:36:46]} {[%emt
00:00:03]} d3 {[%clk 00:27:15]} {[%emt 00:00:09]} 51. Ke3 {[%clk 00:37:11]}
{[%emt 00:00:06]} Kf5 {[%clk 00:27:23]} {[%emt 00:00:21]} 52. b3 {[%clk
00:37:32]} {[%emt 00:00:09]} Ke5 {[%clk 00:27:12]} {[%emt 00:00:41]} 53. a4
{[%clk 00:36:01]} {[%emt 00:02:01]} bxa4 {[%clk 00:26:11]} {[%emt 00:01:31]}
0-1

[Event "DVM U20 2023"]
[Site "Magdeburg GER"]
[Date "2023.12.30"]
[Round "7"]
[White "Schulter, Moritz"]
[Black "Schönherr, Stijn"]
[Result "1-0"]
[Termination "normal"]
[Board "7.6"]
[WhiteElo "1594"]
[BlackElo "1295"]
[WhiteClock "00:00:47"]
[BlackClock "00:48:10"]
[WhiteTeam "ESV Gera"]
[BlackTeam "USC Magdeburg"]
[PlyCount "77"]
[WhiteFideId "16245067"]
[BlackFideId "34611622"]
[EventCountry "GER"]
[EventRounds "7"]
[EventType "team-swiss"]
[EventDate "2023.12.26"]

1. c4 {[%clk 01:30:57]} {[%emt 00:00:03]} c6 {[%clk 01:30:53]} {[%emt
00:00:07]} 2. d4 {[%clk 01:22:38]} {[%emt 00:08:50]} d5 {[%clk 01:31:10]}
{[%emt 00:00:13]} 3. e3 {[%clk 01:21:44]} {[%emt 00:01:24]} Nf6 {[%clk
01:31:22]} {[%emt 00:00:17]} 4. Nc3 {[%clk 01:21:19]} {[%emt 00:00:56]} a6
{[%clk 01:31:02]} {[%emt 00:00:51]} 5. a4 {[%clk 01:19:08]} {[%emt 00:02:40]}
Bf5 {[%clk 01:23:48]} {[%emt 00:07:43]} 6. Nf3 {[%clk 01:14:07]} {[%emt
00:05:31]} e6 {[%clk 01:22:39]} {[%emt 00:01:39]} 7. Be2 {[%clk 01:08:43]}
{[%emt 00:05:53]} Bb4 {[%clk 01:18:49]} {[%emt 00:04:21]} 8. O-O {[%clk
01:07:28]} {[%emt 00:01:44]} O-O {[%clk 01:19:10]} {[%emt 00:00:10]} 9. Na2
{[%clk 01:01:41]} {[%emt 00:06:16]} Bd6 {[%clk 01:19:03]} {[%emt 00:00:39]} 10.
Bd2 {[%clk 00:54:17]} {[%emt 00:07:53]} Nbd7 {[%clk 01:18:41]} {[%emt
00:00:52]} 11. c5 {[%clk 00:43:33]} {[%emt 00:11:15]} Bc7 {[%clk 01:18:40]}
{[%emt 00:00:30]} 12. b4 {[%clk 00:43:02]} {[%emt 00:01:01]} Qb8 {[%clk
01:18:01]} {[%emt 00:01:09]} 13. h3 {[%clk 00:39:37]} {[%emt 00:03:55]} Ne4
{[%clk 01:16:25]} {[%emt 00:02:07]} 14. Be1 {[%clk 00:38:11]} {[%emt 00:01:56]}
Ndf6 {[%clk 01:08:56]} {[%emt 00:07:58]} 15. Nc3 {[%clk 00:35:34]} {[%emt
00:03:08]} Re8 {[%clk 01:07:13]} {[%emt 00:02:13]} 16. b5 {[%clk 00:31:28]}
{[%emt 00:04:37]} axb5 {[%clk 01:06:59]} {[%emt 00:00:44]} 17. axb5 {[%clk
00:31:21]} {[%emt 00:00:35]} Rxa1 {[%clk 01:06:57]} {[%emt 00:00:33]} 18. Qxa1
{[%clk 00:31:46]} {[%emt 00:00:05]} cxb5 {[%clk 01:04:23]} {[%emt 00:03:04]}
19. Nxb5 {[%clk 00:20:20]} {[%emt 00:11:56]} Nd7 {[%clk 01:01:00]} {[%emt
00:03:53]} 20. Nxc7 {[%clk 00:19:55]} {[%emt 00:00:56]} Qxc7 {[%clk 01:01:19]}
{[%emt 00:00:10]} 21. Bb5 {[%clk 00:18:25]} {[%emt 00:01:59]} Nef6 {[%clk
01:01:33]} {[%emt 00:00:16]} 22. Ba5 {[%clk 00:12:27]} {[%emt 00:06:27]} b6
{[%clk 00:59:16]} {[%emt 00:02:48]} 23. Bxb6 {[%clk 00:08:29]} {[%emt
00:04:28]} Qc8 {[%clk 00:57:51]} {[%emt 00:01:55]} 24. Rc1 {[%clk 00:06:48]}
{[%emt 00:02:11]} Re7 {[%clk 00:54:51]} {[%emt 00:03:30]} 25. Ba5 {[%clk
00:06:04]} {[%emt 00:01:14]} Nb8 {[%clk 00:54:43]} {[%emt 00:00:35]} 26. c6
{[%clk 00:04:27]} {[%emt 00:02:10]} Ne8 {[%clk 00:55:09]} {[%emt 00:00:03]} 27.
Bb4 {[%clk 00:01:52]} {[%emt 00:03:05]} Rc7 {[%clk 00:54:18]} {[%emt 00:01:21]}
28. Qc3 {[%clk 00:01:36]} {[%emt 00:00:46]} Na6 {[%clk 00:53:01]} {[%emt
00:01:47]} 29. Ba5 {[%clk 00:01:40]} {[%emt 00:00:26]} Re7 {[%clk 00:51:59]}
{[%emt 00:01:31]} 30. c7 {[%clk 00:01:11]} {[%emt 00:00:59]} Naxc7 {[%clk
00:52:21]} {[%emt 00:00:08]} 31. Bxe8 {[%clk 00:01:23]} {[%emt 00:00:19]} Qxe8
{[%clk 00:49:49]} {[%emt 00:03:01]} 32. Bxc7 {[%clk 00:01:48]} {[%emt
00:00:05]} h6 {[%clk 00:50:12]} {[%emt 00:00:07]} 33. Bd6 {[%clk 00:01:24]}
{[%emt 00:00:53]} Rd7 {[%clk 00:48:52]} {[%emt 00:01:51]} 34. Bc5 {[%clk
00:01:26]} {[%emt 00:00:28]} Rc7 {[%clk 00:48:31]} {[%emt 00:00:45]} 35. Qa5
{[%clk 00:01:04]} {[%emt 00:00:58]} Qc8 {[%clk 00:48:19]} {[%emt 00:00:41]} 36.
Ra1 {[%clk 00:01:02]} {[%emt 00:00:33]} Qd7 {[%clk 00:48:32]} {[%emt 00:00:18]}
37. Ne5 {[%clk 00:00:51]} {[%emt 00:00:41]} Qe8 {[%clk 00:48:29]} {[%emt
00:00:32]} 38. Qxc7 {[%clk 00:00:48]} {[%emt 00:00:34]} Bg6 {[%clk 00:48:10]}
{[%emt 00:00:49]} 39. Qc6 {[%clk 00:00:47]} {[%emt 00:00:31]} 1-0

[Event "DVM U20 2023"]
[Site "Magdeburg GER"]
[Date "2023.12.30"]
[Round "7"]
[White "Lohr, Maximilian"]
[Black "Struck, Lasse"]
[Result "1/2-1/2"]
[Termination "normal"]
[Board "8.1"]
[WhiteElo "2061"]
[BlackElo "1964"]
[WhiteClock "00:10:36"]
[BlackClock "00:10:58"]
[WhiteTeam "FC Ergolding 1932"]
[BlackTeam "SF Essen-Katernberg 04/32"]
[PlyCount "60"]
[WhiteFideId "12999717"]
[BlackFideId "16255623"]
[EventCountry "GER"]
[EventRounds "7"]
[EventType "team-swiss"]
[EventDate "2023.12.26"]

1. e4 {[%clk 01:30:58]} {[%emt 00:00:02]} c5 {[%clk 01:30:46]} {[%emt
00:00:14]} 2. Nf3 {[%clk 01:31:22]} {[%emt 00:00:05]} e6 {[%clk 01:31:10]}
{[%emt 00:00:07]} 3. d4 {[%clk 01:31:48]} {[%emt 00:00:04]} cxd4 {[%clk
01:31:35]} {[%emt 00:00:05]} 4. Nxd4 {[%clk 01:32:15]} {[%emt 00:00:02]} Nc6
{[%clk 01:31:47]} {[%emt 00:00:18]} 5. Nc3 {[%clk 01:32:41]} {[%emt 00:00:04]}
Qc7 {[%clk 01:32:11]} {[%emt 00:00:05]} 6. Be3 {[%clk 01:33:05]} {[%emt
00:00:06]} a6 {[%clk 01:32:37]} {[%emt 00:00:05]} 7. Qf3 {[%clk 01:33:20]}
{[%emt 00:00:15]} Ne5 {[%clk 01:32:35]} {[%emt 00:00:33]} 8. Qg3 {[%clk
01:33:28]} {[%emt 00:00:22]} h5 {[%clk 01:32:19]} {[%emt 00:00:46]} 9. h4
{[%clk 01:33:11]} {[%emt 00:00:46]} Nf6 {[%clk 01:28:45]} {[%emt 00:04:05]} 10.
O-O-O {[%clk 01:29:20]} {[%emt 00:04:20]} d6 {[%emt 00:31:04]} 11. Bf4 {[%clk
01:11:23]} Ng6 {[%emt 00:11:26]} 12. Bb5+ {[%clk 01:02:17]} {[%emt 00:09:36]}
axb5 {[%clk 00:54:24]} {[%emt 00:11:49]} 13. Ndxb5 {[%clk 01:01:36]} {[%emt
00:01:11]} Qc6 {[%clk 00:46:07]} {[%emt 00:08:46]} 14. Rxd6 {[%clk 00:57:56]}
{[%emt 00:04:10]} Bxd6 {[%clk 00:37:22]} {[%emt 00:09:15]} 15. Bxd6 {[%clk
00:58:22]} {[%emt 00:00:04]} Nxe4 {[%clk 00:37:10]} {[%emt 00:00:42]} 16. Nxe4
{[%clk 00:58:48]} {[%emt 00:00:04]} Qxb5 {[%clk 00:37:19]} {[%emt 00:00:22]}
17. Ba3 {[%clk 00:56:55]} {[%emt 00:02:23]} Qe5 {[%clk 00:29:25]} {[%emt
00:08:23]} 18. Nd6+ {[%clk 00:35:30]} {[%emt 00:21:55]} Kd7 {[%clk 00:29:50]}
{[%emt 00:00:05]} 19. Rd1 {[%clk 00:15:02]} {[%emt 00:20:58]} Qxg3 {[%clk
00:29:25]} {[%emt 00:00:55]} 20. fxg3 {[%clk 00:12:09]} {[%emt 00:03:23]} Kc6
{[%clk 00:26:47]} {[%emt 00:03:08]} 21. Nxf7 {[%clk 00:12:24]} {[%emt
00:00:14]} Re8 {[%clk 00:26:46]} {[%emt 00:00:31]} 22. Rd3 {[%clk 00:11:40]}
{[%emt 00:01:15]} e5 {[%clk 00:21:36]} {[%emt 00:05:41]} 23. Rc3+ {[%clk
00:08:53]} {[%emt 00:03:15]} Kd7 {[%clk 00:20:53]} {[%emt 00:01:13]} 24. Rd3+
{[%clk 00:09:14]} {[%emt 00:00:11]} Ke6 {[%clk 00:18:29]} {[%emt 00:02:53]} 25.
Ng5+ {[%clk 00:09:30]} {[%emt 00:00:13]} Kf6 {[%clk 00:15:08]} {[%emt
00:03:52]} 26. Rf3+ {[%clk 00:09:23]} {[%emt 00:00:37]} Bf5 {[%clk 00:11:09]}
{[%emt 00:04:29]} 27. Ne4+ {[%clk 00:09:46]} {[%emt 00:00:06]} Ke6 {[%clk
00:11:26]} {[%emt 00:00:14]} 28. Ng5+ {[%clk 00:09:45]} {[%emt 00:00:31]} Kf6
{[%clk 00:10:41]} {[%emt 00:01:16]} 29. Ne4+ {[%clk 00:10:09]} {[%emt
00:00:05]} Ke6 {[%clk 00:11:06]} {[%emt 00:00:06]} 30. Ng5+ {[%clk 00:10:36]}
{[%emt 00:00:02]} Kf6 {[%clk 00:10:58]} {[%emt 00:00:38]} 1/2-1/2

[Event "DVM U20 2023"]
[Site "Magdeburg GER"]
[Date "2023.12.30"]
[Round "7"]
[White "Gallas, Noel"]
[Black "Mooser, Nicolas"]
[Result "1-0"]
[Termination "normal"]
[Board "8.2"]
[WhiteElo "1931"]
[BlackElo "2028"]
[WhiteClock "00:07:43"]
[BlackClock "00:18:47"]
[WhiteTeam "SF Essen-Katernberg 04/32"]
[BlackTeam "FC Ergolding 1932"]
[PlyCount "95"]
[WhiteFideId "16216059"]
[BlackFideId "12979406"]
[EventCountry "GER"]
[EventRounds "7"]
[EventType "team-swiss"]
[EventDate "2023.12.26"]

1. e4 {[%clk 01:30:57]} {[%emt 00:00:03]} c5 {[%clk 01:30:56]} {[%emt
00:00:05]} 2. Nf3 {[%clk 01:30:55]} {[%emt 00:00:31]} e6 {[%clk 01:31:19]}
{[%emt 00:00:07]} 3. d4 {[%clk 01:31:16]} {[%emt 00:00:09]} cxd4 {[%clk
01:31:45]} {[%emt 00:00:05]} 4. Nxd4 {[%clk 01:31:42]} {[%emt 00:00:04]} Nc6
{[%clk 01:32:09]} {[%emt 00:00:05]} 5. Nc3 {[%clk 01:32:01]} {[%emt 00:00:11]}
Qc7 {[%clk 01:32:32]} {[%emt 00:00:06]} 6. Be3 {[%clk 01:31:36]} {[%emt
00:00:56]} a6 {[%clk 01:32:47]} {[%emt 00:00:15]} 7. g4 {[%clk 01:31:17]}
{[%emt 00:00:49]} b5 {[%clk 01:29:00]} {[%emt 00:04:18]} 8. Nxc6 {[%clk
01:29:34]} {[%emt 00:02:11]} Qxc6 {[%clk 01:28:18]} {[%emt 00:01:13]} 9. Qd2
{[%clk 01:28:40]} {[%emt 00:01:24]} Bb7 {[%clk 01:26:35]} {[%emt 00:02:12]} 10.
O-O-O {[%clk 01:23:57]} {[%emt 00:05:12]} d6 {[%clk 01:21:08]} {[%emt
00:05:58]} 11. f3 {[%clk 01:16:42]} {[%emt 00:07:45]} Nf6 {[%clk 01:17:48]}
{[%emt 00:03:50]} 12. g5 {[%clk 00:46:03]} {[%emt 00:31:08]} Nd7 {[%clk
01:15:05]} {[%emt 00:03:14]} 13. Bd4 {[%clk 00:38:33]} {[%emt 00:08:00]} Rc8
{[%clk 00:55:37]} {[%emt 00:19:57]} 14. a3 {[%clk 00:31:13]} {[%emt 00:07:50]}
Ne5 {[%clk 00:52:55]} {[%emt 00:03:13]} 15. Be2 {[%clk 00:28:59]} {[%emt
00:02:45]} Nc4 {[%clk 00:45:58]} {[%emt 00:07:27]} 16. Bxc4 {[%clk 00:29:11]}
{[%emt 00:00:18]} Qxc4 {[%clk 00:46:09]} {[%emt 00:00:18]} 17. Rhe1 {[%clk
00:23:34]} {[%emt 00:06:07]} a5 {[%clk 00:42:06]} {[%emt 00:04:33]} 18. b3
{[%clk 00:21:09]} {[%emt 00:02:55]} Qc6 {[%clk 00:41:28]} {[%emt 00:01:06]} 19.
Nd5 {[%clk 00:19:20]} {[%emt 00:02:21]} e5 {[%clk 00:35:21]} {[%emt 00:06:36]}
20. Bb2 {[%clk 00:17:38]} {[%emt 00:02:13]} Be7 {[%clk 00:34:37]} {[%emt
00:01:13]} 21. f4 {[%clk 00:13:32]} {[%emt 00:04:37]} Bd8 {[%clk 00:31:15]}
{[%emt 00:03:52]} 22. h4 {[%clk 00:10:06]} {[%emt 00:03:56]} O-O {[%clk
00:27:12]} {[%emt 00:04:32]} 23. fxe5 {[%clk 00:09:17]} {[%emt 00:01:18]} dxe5
{[%clk 00:27:16]} {[%emt 00:00:27]} 24. Bxe5 {[%clk 00:09:27]} {[%emt
00:00:20]} Re8 {[%clk 00:25:01]} {[%emt 00:02:45]} 25. Bb2 {[%clk 00:08:21]}
{[%emt 00:01:35]} a4 {[%clk 00:23:15]} {[%emt 00:02:17]} 26. b4 {[%clk
00:06:55]} {[%emt 00:01:58]} Bc7 {[%clk 00:17:32]} {[%emt 00:06:10]} 27. Re2
{[%clk 00:04:18]} {[%emt 00:03:07]} Be5 {[%clk 00:17:09]} {[%emt 00:00:53]} 28.
Bxe5 {[%clk 00:03:39]} {[%emt 00:01:10]} Rxe5 {[%clk 00:17:35]} {[%emt
00:00:03]} 29. Qd4 {[%clk 00:03:14]} {[%emt 00:00:55]} Qe8 {[%clk 00:14:25]}
{[%emt 00:03:41]} 30. Nc3 {[%emt 00:01:09]} Qe7 {[%clk 00:12:19]} {[%emt
00:02:34]} 31. Qd7 {[%clk 00:01:57]} {[%emt 00:01:09]} g6 {[%clk 00:10:34]}
{[%emt 00:02:15]} 32. Qxe7 {[%clk 00:01:48]} {[%emt 00:00:40]} Rxe7 {[%clk
00:11:02]} {[%emt 00:00:02]} 33. Kb2 {[%clk 00:01:56]} {[%emt 00:00:22]} Rce8
{[%clk 00:08:53]} {[%emt 00:02:39]} 34. Nd5 {[%clk 00:01:36]} {[%emt 00:00:50]}
Bxd5 {[%clk 00:08:58]} {[%emt 00:00:25]} 35. Rxd5 {[%clk 00:02:01]} {[%emt
00:00:05]} Rxe4 {[%clk 00:06:47]} {[%emt 00:02:40]} 36. Rxe4 {[%clk 00:02:25]}
{[%emt 00:00:06]} Rxe4 {[%clk 00:07:15]} {[%emt 00:00:03]} 37. Rxb5 {[%clk
00:02:47]} {[%emt 00:00:07]} Rxh4 {[%clk 00:07:42]} {[%emt 00:00:04]} 38. Rc5
{[%clk 00:02:27]} {[%emt 00:00:50]} Re4 {[%clk 00:05:15]} {[%emt 00:02:57]} 39.
b5 {[%clk 00:02:47]} {[%emt 00:00:10]} Re8 {[%clk 00:02:53]} {[%emt 00:02:52]}
40. b6 {[%clk 00:02:09]} {[%emt 00:01:08]} Rb8 {[%clk 00:01:57]} {[%emt
00:01:25]} 41. Rc6 {[%clk 00:24:42]} {[%emt 00:07:58]} f5 {[%clk 00:22:51]}
{[%emt 00:09:37]} 42. c4 {[%clk 00:16:38]} {[%emt 00:08:33]} Kf7 {[%clk
00:21:13]} {[%emt 00:02:08]} 43. c5 {[%clk 00:16:25]} {[%emt 00:00:43]} h5
{[%clk 00:20:36]} {[%emt 00:01:07]} 44. gxh6 {[%clk 00:15:33]} {[%emt
00:01:23]} f4 {[%clk 00:19:40]} {[%emt 00:01:27]} 45. Rd6 {[%clk 00:10:25]}
{[%emt 00:05:36]} g5 {[%clk 00:19:00]} {[%emt 00:01:10]} 46. Kc3 {[%clk
00:08:34]} {[%emt 00:02:22]} f3 {[%clk 00:18:28]} {[%emt 00:01:02]} 47. Rd3
{[%clk 00:08:00]} {[%emt 00:01:03]} g4 {[%clk 00:18:47]} {[%emt 00:00:11]} 48.
Rd4 {[%clk 00:07:43]} {[%emt 00:00:47]} *